| 000 | 00724nam a2200241 i 4500 | ||
|---|---|---|---|
| 001 | C2-0275341 | ||
| 003 | PPAK | ||
| 005 | 20180728004147.0 | ||
| 008 | 061016s1976 nyua|||| ||||| | eng d | ||
| 020 | _a0486233618 | ||
| 040 |
_aPPAK _beng _cPPAK _erda |
||
| 082 | 0 | 4 |
_a920.03 _223 |
| 090 | 0 | 0 |
_a920.03 _bWAT _dRLCK |
| 100 | 1 |
_aWatson, Edward B., _eauthor |
|
| 245 | 1 | 0 |
_aNew York then and now : _b83 matching photographic views from 1864 - 1938 and from the 1970s |
| 264 | 1 |
_aNew York : _bDover Publications , _c1976 |
|
| 300 |
_a171 pages : _bcolour illustrations ; _c26 cm |
||
| 336 |
_2rdacontent _atext |
||
| 337 |
_2rdamedia _aunmediated |
||
| 338 |
_2rdacarrier _avolume |
||
| 650 | 1 | 0 | _aHistory |
| 942 |
_ddc _cB |
||
| 999 |
_c83024 _d83024 |
||